000
00302 a2200145 4500
001
177701
020
_a
040
_c
Magnum
100
_a
Zorzi,jaime Luiz
240
1
0
_a
Aprender a escrever
_l
por
245
1
0
_a
Aprender a escrever
362
0
_a
1899
697
_a
MAGNITO: PEDAGOGIA
942
_c
BK
999
_c
177701
_d
177701